000 00715nam a2200253Ia 4500
003 OSt
005 20220926015432.0
006 a|||||r|||| 00| 0
007 ta
008 220923b |||||||| |||| 00| 0 eng d
020 _a0333670809
037 _cGeneral Book
040 _aRTL
_cRTL
_beng
041 _2eng
_aeng
082 _aX655.1(X).P, P4
100 _aKehal H S Ed.
_9322264
245 0 _aForeign Inuestment in Developing countries
260 _aNew York
_bPalgrave MacMillan
_c2004
300 _axxiiv, 261p
_ccm.
500 _aBibliography Chapterwise
650 _aForeign Investment
942 _hX655.1(X).P, P4
_cGB
_2CC
999 _c631526
_d631526